000 01233nam a2200205Ia 4500
003 Ost
005 20260507075640.0
008 260507s9999||||xx |||||||||||||| ||und||
040 _cfsecg
041 _aara
082 _a658
100 _aأبو قحف، عبد السلام
_eمؤلف
245 0 _aإدارة الأعمال الدولية :
_bدراسات وبحوث ميدانية /
_c عبد السلام أبو قحف
260 _aالإسكندرية:
_bالدار الجامعية,
_c2001
300 _a525 صفحة؛
_bإيضاحات ؛
_c24 سم
520 _aالعولمة والخيارات الأجنبية- مستقبل الإستثمارات الأجنبية في لبنان بعد الحرب الأهلية- الخصائص الإستراتيجية للإستثمار الأجنبي المباشر- أسعار التحويل بين فروع الشركات العالمية- تسويق المناطق الحرة المصرية- التكتلات- عقد الترخيص الصناعي وقضايا نقل التكنولوجيا- تطوير القدرات التنافسية للمؤسسات والشركات
653 _aإدارة الأعمال
653 _aالعلاقات الدولية
942 _cكتاب
999 _c45396
_d45396